000 01152nam a22002657a 4500
005 20170124103155.0
010 _aB-081508
020 _c150.00
035 _aB-081508
037 _bCen Lib/Ret
040 _aDPL
_bHN
082 _a822
_bब्रेष्टब
100 _aब्रेष्ट, बर्टोल्ट
_989417
245 _aहिम्मतमाई /
_cबर्टोल्ट ब्रेष्ट ; अनुवादक नीलाभ
246 _aHimmatmaai /
_bby Bartolt Bresht ; anuvadak Neelabh
260 _aनई दिल्ली
_bराष्ट्रीय नाट्य विद्यालय
_c2003
270 _bनई दिल्ली
_aबहावलपुर हाउस
_e110001
300 _axiv,131पृ. :
_c20सेमी(सजिल्द)
_bसचित्र
650 _aहिन्दी -- साहित्य
_989418
650 _aहिन्दी -- नाटक
_989419
650 _aHindi literature
_989420
650 _aHindi - Drama
_989421
700 _a नीलाभ
_96954
942 _2ddc
_cHN
_h822
_mब्रेष्टब
999 _c120267
_d120267